|
|
|
|
| LEADER |
00810nam a22002411 4500 |
| 001 |
c000333617 |
| 003 |
CARM |
| 005 |
00000000000000.0 |
| 008 |
790815s1957 nyua 00000 eng |
| 019 |
1 |
|
|a 1462662
|5 LACONCORD2021
|
| 035 |
|
|
|a (OCoLC)1211112
|5 LACONCORD2021
|
| 040 |
|
|
|c Id
|
| 050 |
0 |
0 |
|a HG4551
|b .L35 1957
|
| 100 |
1 |
|
|a Leffler, George L.
|q (George Leland),
|d b. 1899.
|
| 245 |
0 |
4 |
|a The stock market.
|
| 250 |
|
|
|a 2d ed.
|
| 260 |
|
|
|a New York,
|b Ronald Press Co.
|c [1957]
|
| 300 |
|
|
|a 626 p.
|b illus.
|c 24 cm.
|
| 650 |
|
0 |
|a Stock exchanges.
|
| 852 |
8 |
|
|b CARM
|h A1:AL17E0
|i C10617
|p 0465089
|f BK
|
| 082 |
0 |
4 |
|a 332.61
|
| 999 |
f |
f |
|i 88cd1db1-e3fd-5ea8-b3d6-16e0f559640f
|s c55488d7-9f73-5609-bbb1-9d17ff3e481f
|
| 952 |
f |
f |
|p Can circulate
|a CAVAL
|b CAVAL
|c CAVAL
|d CARM 1 Store
|e C10617
|f A1:AL17E0
|h Other scheme
|i book
|m 0465089
|